• 首页
  • 本馆介绍
  • 公告通知
  • 最新文献
  • 馆藏检索
  • 电子资源
  • 读者导购
  • 参考咨询
  • 我的图书馆
  • 登录
  • 详细信息显示
  • 放入我的书架
  • 随书关联资源信息
  • 预约/预借图书
  • 作者相关作品
  • 分类相关作品
  • 丛书相关作品
  • 出版社相关作品

书目信息

  • 表格格式
  • 工作单格式
  • 卡片格式
题名:
歌剧
    
 
作者: 沃 著 ;曹利群 , 王玉桓 译
分册:  
出版信息: 北京   中国人民大学出版社  2005
页数: 131页
开本: 24cm
丛书名: 朗朗书房
单 册:
中图分类: J617.2
科图分类:
主题词: 歌剧--音乐欣赏--基本知识
电子资源:
ISBN: 7-300-05922-8
000 01516nam0 2200409 450
000 01479nam0 2200397 450
000 01452nam0 2200397 450
000 01398nam0 2200373 450
000 01405nam0 2200361 450
000 01368nam0 2200349 45
001 TS2006027673
005 20061214170001.70
010    @a7-300-05922-8@dCNY49.80
100    @a20060829d2005 em y0chiy0110 ea
101 1  @achi@ceng
102    @aCN@b110000
105    @aa z 000yy
200 1  @a歌剧@Age ju@e一种新的聆听方法@f(英)亚历山大·沃(Alexander Waugh)著@g曹利群,王玉桓译
210    @a北京@c中国人民大学出版社@d2005
215    @a131页@c照片@d24cm@e光盘1片
225 2  @a朗朗书房@i音乐坊
307    @a附光盘:ISRC CN-M03-05-0003-0
308    @a丛书第二辑
330    @a作者通过八位大师代表作品的细致分析,说明了不同声部的所有分类及如何辨识的方法;对歌剧历史、各个要素以及其他五十部歌剧的概略介绍,使读者对歌剧这种独具魅力的艺术形式有了全方位的了解。
410  0 @12001 @a音乐坊
410  0 @12001 @a朗朗书房
510 1  @aOpera@ea New Way of Listening@zeng
517 1  @a一种新的聆听方法@Ayi zhong xin de ling ting fang fa
606 0  @a歌剧@x音乐欣赏@x基本知识
690    @aJ617.2@v4
701  0 @c(英)@a沃@Awo@c(Waugh, Alexander@f1963~)@4著
702  0 @a曹利群@Acao li qun@4译
702  0 @a王玉桓@Awang yu huan@4译
801  0 @aCN@b中图数据@c20061214
905    @a10447@dJ617.2@e390
    
    歌剧:一种新的聆听方法/(英)亚历山大·沃(Alexander Waugh)著/曹利群,王玉桓译.-北京:中国人民大学出版社,2005
    131页:照片;24cm+光盘1片.-(朗朗书房.音乐坊)
    
    
    ISBN 7-300-05922-8:CNY49.80
    作者通过八位大师代表作品的细致分析,说明了不同声部的所有分类及如何辨识的方法;对歌剧历史、各个要素以及其他五十部歌剧的概略介绍,使读者对歌剧这种独具魅力的艺术形式有了全方位的了解。
●
相关链接 在E读中查询图书 在五车中查询图书 在当当中查询图书 在豆瓣中查询图书


正题名:歌剧     索取号:J617.2/390         预约/预借

序号 登录号 条形码 馆藏地/架位号 状态 备注
1 0600613   206006132   第一样本阅览室/ [索取号:J617.2/390] 在馆    
2 0600614   206006141   第一借阅区/ [索取号:J617.2/390] 在馆    
3 0600615   206006150   第一借阅区/ [索取号:J617.2/390] 在馆    
4 0600616   206006169   第一借阅区/ [索取号:J617.2/390] 在馆    

本书有关联资源:

1 .光盘  /BIN  :歌剧 /(英)亚历山大·沃(Alexander Waugh)著;曹利 下载
唐山师范学院图书馆 欢迎您!
大连网信软件有限公司© 版权所有